00592nam a2200169Ia 4500003000900000008004100009040001600050080002500066110003300091245014500124260005000269300000800319500002900327650002700356650001800383650002100401IN-BaIIA211028s9999 xx 000 0 eng d cIIA Library a083.7:69.003.12bISI aIndian Standards Institution 0aIndian standard method of measurement of building and civil engineering worksbpt. 12, plastering and pointingcIndian Standards Institution aNew DelhibIndian Standards Institutionc1976 a9p. aIS 1200 : Part 12 : 1976 a Plastering-Standards a Standards  aNASA Thesaurus